| 000 | 00414cam a22001337a 4500 | ||
|---|---|---|---|
| 008 | 180718b1987 xxu||||| |||| 00| 0 eng d | ||
| 082 | _aY26x54 Sa19 | ||
| 100 | _aSah, A.K. | ||
| 245 |
_aPower management in India _cby A.K. Sah |
||
| 260 |
_aDelhi _bStanding Conference of Public Enterprises _c1987 |
||
| 300 | _a142p. | ||
| 650 | _aPower-plants --India --Management | ||
| 650 | _aPower resources --India --Management | ||
| 999 |
_c353441 _d353441 |
||